| 000 | 00435nam a22001577a 4500 | ||
|---|---|---|---|
| 020 | _a978-81-264-7382-2 | ||
| 082 |
_a894.812 _bKES/J |
||
| 100 | _aKESAVAMENON, K.P | ||
| 245 | _aJEEVITHA CHINTHAKAL -ARTICLES | ||
| 246 |
_aJEEVITHA CHINTHAKAL -ARTICLES _bJEEVITHA CHINTHAKAL -ARTICLES |
||
| 260 |
_aKOZHIKODE _bMATHRUBHUMI PRESS _c2022 |
||
| 300 | _a159 | ||
| 520 | _aJEEVITHA CHINTHAKAL | ||
| 650 | _aMALAYALAM ARTICLES | ||
| 942 | _cBK | ||
| 999 |
_c6789 _d6789 |
||